000 00198 a2200097 4500
001 9375
100 _aHMS
245 _aHandbook of line communication
260 _a
_bH M S
_c
090 _c7536
_d7536
942 _aNUST-CAE
_cM
_c34196
999 _c244448
_d244448